000
00277nam a22000977a 4500
008
170218b xxu||||| |||| 00| 0 eng d
100
_a
Lesgor, Raoul
245
_a
The France & Colonies Specialist
260
_a
Holmes, NY
_b
Nassau Stamp Co.
_c
1949
650
_a
France | French Colonies
999
_c
2271
_d
2271